<?xml version="1.0" encoding="UTF-8"?>
<record
    xmlns:xsi="http://www.w3.org/2001/XMLSchema-instance"
    xsi:schemaLocation="http://www.loc.gov/MARC21/slim http://www.loc.gov/standards/marcxml/schema/MARC21slim.xsd"
    xmlns="http://www.loc.gov/MARC21/slim">

  <leader>03397nam a22003137a 4500</leader>
  <controlfield tag="003">OSt</controlfield>
  <controlfield tag="005">20210407083132.0</controlfield>
  <controlfield tag="008">210406t2000    ck ad||fr|||| 00| 0 spa d</controlfield>
  <datafield tag="020" ind1=" " ind2=" ">
    <subfield code="a">9586822117 </subfield>
    <subfield code="q">Colecci&#xF3;n</subfield>
  </datafield>
  <datafield tag="020" ind1=" " ind2=" ">
    <subfield code="a">9586822176 </subfield>
    <subfield code="q">V.1</subfield>
  </datafield>
  <datafield tag="040" ind1=" " ind2=" ">
    <subfield code="a">CO-JMCR</subfield>
    <subfield code="c">CO-JMCR</subfield>
  </datafield>
  <datafield tag="041" ind1="0" ind2=" ">
    <subfield code="a">spa</subfield>
  </datafield>
  <datafield tag="082" ind1="0" ind2="4">
    <subfield code="a">711.4 /</subfield>
    <subfield code="b">F162p</subfield>
    <subfield code="2">23</subfield>
  </datafield>
  <datafield tag="100" ind1="1" ind2=" ">
    <subfield code="a">Fainbom, Israel, </subfield>
    <subfield code="e">editor</subfield>
    <subfield code="9">36645</subfield>
  </datafield>
  <datafield tag="245" ind1="1" ind2="0">
    <subfield code="a">Planeaci&#xF3;n urbana e instituciones presupuestales / </subfield>
    <subfield code="c">Israel Fainbom, Miguel Gandour, Mar&#xED;a Camila Uribe, editores</subfield>
  </datafield>
  <datafield tag="260" ind1=" " ind2=" ">
    <subfield code="a">Bogot&#xE1; : </subfield>
    <subfield code="b">Alcald&#xED;a Mayor Bogot&#xE1;, </subfield>
    <subfield code="c">&#xA9;2000</subfield>
  </datafield>
  <datafield tag="300" ind1=" " ind2=" ">
    <subfield code="a">xvi, 63 p&#xE1;ginas : </subfield>
    <subfield code="b">ilustraciones y gr&#xE1;ficas a blanco y negro ; </subfield>
    <subfield code="c">24 cm.</subfield>
  </datafield>
  <datafield tag="490" ind1="0" ind2=" ">
    <subfield code="a">Misi&#xF3;n de reforma institucional de Bogot&#xE1; ; </subfield>
    <subfield code="v">1</subfield>
  </datafield>
  <datafield tag="504" ind1=" " ind2=" ">
    <subfield code="a">Bibliograf&#xED;a al final de cada secci&#xF3;n.</subfield>
  </datafield>
  <datafield tag="505" ind1="0" ind2=" ">
    <subfield code="a">Disciplina fiscal, priorizaci&#xF3;n estrat&#xE9;gica y eficiencia t&#xE9;cnica en las instituciones del gasto -- Misi&#xF3;n, capacidad operativa y apoyo pol&#xED;tico para una organizaci&#xF3;n de planeaci&#xF3;n territorial -- El proceso de descentralizaci&#xF3;n en Bogot&#xE1;: evaluaci&#xF3;n y recomendaciones</subfield>
  </datafield>
  <datafield tag="520" ind1="3" ind2=" ">
    <subfield code="a">La Alcald&#xED;a Mayor de Bogot&#xE1;, a trav&#xE9;s de la Secretaria de Hacienda del Distrito Capital, organiz&#xF3; a finales de 1999 una Misi&#xF3;n de Reforma Institucional para la administraci&#xF3;n distrital Instituciones Capitales. La Misi&#xF3;n ha trabajado desde entonces en el dise&#xF1;o de una propuesta que integre cambios en las reglas de juego y en la estructura de las organizaciones que contribuyan a mejorar la gesti&#xF3;n p&#xFA;blica de la capital y alcanzar, en forma eficiente, en horizonte de diez a&#xF1;os, coberturas universales en los servicios p&#xFA;blicos y el gasto social, reducir la pobreza y la inseguridad; mejorar la provisi&#xF3;n de espacios p&#xFA;blicos y recreativos; hacer de Bogot&#xE1; una ciudad m&#xE1;s integrada, m&#xE1;s amable, m&#xE1;s equitativa y m&#xE1;s competitiva; con un gobierno que responda mejor a las necesidades de los bogotanos y que rinda cuentas por sus acciones y resultados.
La Misi&#xF3;n aplica algunos de los avances recientes m&#xE1;s importantes en la teor&#xED;a econ&#xF3;mica de las instituciones y las organizaciones como herramienta de econom&#xED;a cuantitativa para la determinaci&#xF3;n de costos de producci&#xF3;n eficientes para los diferentes bienes y servicios.
El objetivo de la Misi&#xF3;n es consolidar el capital social que requiere la ciudad que todos anhelamos. Tiene como base el capital institucional acumulado por el Distrito en las &#xFA;ltimas administraciones. Las propuestas se construyen desde una visi&#xF3;n de ciudad cada vez m&#xE1;s compartida la cual incluye: -Un transporte racionalizado -Una mayor provisi&#xF3;n de espacios p&#xFA;blicos y recreativos - Una ciudad desmarginalizada, con expansi&#xF3;n urbana ordenada -Coberturas totales de educaci&#xF3;n, salud, vivienda, alcantarillado, etc&#xE9;tera 
Las propuestas de reforma institucional apuntan a consolidar la sostenibilidad fiscal, la eficiencia y eficacia en el uso de los recursos, la capacidad gerencial de las organizaciones y la articulaci&#xF3;n de los procesos de toma de decisiones.</subfield>
  </datafield>
  <datafield tag="650" ind1="1" ind2="4">
    <subfield code="a">Ordenamiento territorial</subfield>
    <subfield code="z">Bogot&#xE1; (Colombia)</subfield>
    <subfield code="9">36646</subfield>
  </datafield>
  <datafield tag="650" ind1="2" ind2="4">
    <subfield code="a">Urbanismo</subfield>
    <subfield code="z">Bogot&#xE1; (Colombia)</subfield>
    <subfield code="9">36647</subfield>
  </datafield>
  <datafield tag="650" ind1="2" ind2="4">
    <subfield code="a">Descentralizaci&#xF3;n administrativa</subfield>
    <subfield code="z">Bogot&#xE1; (Colombia)</subfield>
    <subfield code="9">36648</subfield>
  </datafield>
  <datafield tag="650" ind1="2" ind2="4">
    <subfield code="a">Organizaci&#xF3;n de la comunidad</subfield>
    <subfield code="z">Bogot&#xE1; (Colombia)</subfield>
    <subfield code="9">36649</subfield>
  </datafield>
  <datafield tag="700" ind1="1" ind2=" ">
    <subfield code="a">Gandour, Miguel, </subfield>
    <subfield code="e">autor</subfield>
    <subfield code="9">36650</subfield>
  </datafield>
  <datafield tag="700" ind1="1" ind2=" ">
    <subfield code="a">Uribe, Mar&#xED;a Camila,</subfield>
    <subfield code="e">autor</subfield>
    <subfield code="9">36651</subfield>
  </datafield>
  <datafield tag="942" ind1=" " ind2=" ">
    <subfield code="2">ddc</subfield>
    <subfield code="c">BK</subfield>
  </datafield>
  <datafield tag="999" ind1=" " ind2=" ">
    <subfield code="c">15522</subfield>
    <subfield code="d">15522</subfield>
  </datafield>
  <datafield tag="952" ind1=" " ind2=" ">
    <subfield code="0">0</subfield>
    <subfield code="1">0</subfield>
    <subfield code="2">ddc</subfield>
    <subfield code="4">0</subfield>
    <subfield code="7">0</subfield>
    <subfield code="8">NFIC</subfield>
    <subfield code="a">CPL</subfield>
    <subfield code="b">CPL</subfield>
    <subfield code="d">2017-12-01</subfield>
    <subfield code="e">Donaci&#xF3;n</subfield>
    <subfield code="o">711.4 / F162p</subfield>
    <subfield code="p">201811037</subfield>
    <subfield code="r">2024-05-16 00:00:00</subfield>
    <subfield code="t">V.1 / Ej.1</subfield>
    <subfield code="w">2021-04-06</subfield>
    <subfield code="y">BK</subfield>
  </datafield>
</record>
